[Event "RUS-ch Blitz 2021"]
[Site "Sochi"]
[Date "2021.10.11"]
[Round "8.24"]
[White "Nesterov, Arseniy"]
[Black "Ivlev, Aleksey"]
[Result "1-0"]
[WhiteElo "2514"]
[BlackElo "2315"]
[Annotator "ChessBase"]
[PlyCount "43"]
[EventDate "2021.10.11"]
[EventType "blitz"]
[EventCountry "RUS"]
[SourceTitle "playchess.com"]
[Source "ChessBase"]
[SourceQuality "1"]
[TimeControl "180+2"]

1. d4 {[%emt 0:00:00]} d5 {[%emt 0:00:06]} 2. c4 {[%emt 0:00:01]} c6 {[%emt 0:
00:00]} 3. Nf3 {[%emt 0:00:00]} Nf6 {[%emt 0:00:00]} 4. Nc3 {[%emt 0:00:00]} e6
{[%emt 0:00:10]} 5. e3 {[%emt 0:00:00]} Nbd7 {[%emt 0:00:00]} 6. Qc2 {[%emt 0:
00:00]} Bd6 {[%emt 0:00:00]} 7. b3 {[%emt 0:00:13]} Qe7 {[%emt 0:00:00]} 8. Be2
{[%emt 0:00:00]} O-O {[%emt 0:00:04]} 9. O-O {[%emt 0:00:01]} b6 {[%emt 0:00:
02]} 10. Bb2 {[%emt 0:00:00]} Bb7 {[%emt 0:00:00]} 11. Rad1 {[%emt 0:00:03]}
Rad8 {[%emt 0:00:07]} 12. Rfe1 {[%emt 0:00:04]} Rfe8 {[%emt 0:00:07]} 13. Bf1 {
[%emt 0:00:00]} a6 {[%emt 0:00:18]} 14. e4 {[%emt 0:00:10]} e5 {[%emt 0:00:37]}
15. exd5 {[%emt 0:00:12]} cxd5 {[%emt 0:00:01]} 16. dxe5 {[%emt 0:00:12]} Nxe5
{[%emt 0:00:07]} 17. Nxe5 {[%emt 0:00:26]} Bxe5 {[%emt 0:00:00]} 18. Nxd5 {
[%emt 0:00:30]} Bxh2+ {[%emt 0:00:00]} 19. Kxh2 {[%emt 0:00:03]} Ng4+ {[%emt 0:
00:35]} 20. Kg3 {[%emt 0:00:11]} Qg5 {[%emt 0:00:35]} 21. Ne7+ {[%emt 0:00:34]}
Kh8 {[%emt 0:00:00]} 22. Qf5 {[%emt 0:00:04]} 1-0

[Event "RUS-ch Blitz 2021"]
[Site "Sochi"]
[Date "2021.10.11"]
[Round "9.1"]
[White "Artemiev, Vladislav"]
[Black "Pridorozhni, Aleksei"]
[Result "1/2-1/2"]
[WhiteElo "2699"]
[BlackElo "2564"]
[Annotator "TA"]
[PlyCount "66"]
[EventDate "2021.10.11"]
[EventType "blitz"]
[EventCountry "RUS"]
[SourceTitle "playchess.com"]
[Source "ChessBase"]
[SourceQuality "1"]

{[%evp 17,66,3,22,17,21,21,20,0,26,25,71,63,67,56,70,76,67,64,63,57,47,14,8,19,
14,0,0,0,0,-13,-9,-10,-14,-6,0,0,0,0,0,-6,0,0,0,-5,0,0,0,0,0,0,420]} 1. e4 c5
2. Nc3 Nc6 3. g3 g6 4. Bg2 Bg7 5. d3 d6 6. Be3 Rb8 7. Qd2 b5 8. Nge2 Nd4 9. O-O
e6 10. b4 {B26: Closed Sicilian: 3 g3, lines with early Be3.} Ne7 11. Rab1 Bd7
{[#]} 12. Bh6 $146 (12. f4 {is more complex.} cxb4 13. Nxd4 bxc3 14. Qxc3 a5
15. Qd2) ({Predecessor:} 12. a3 O-O 13. f4 Bc6 14. Nd1 Nxe2+ 15. Qxe2 cxb4 16.
axb4 a5 17. bxa5 Qxa5 18. Bd2 {0-1 (28) Hisler,T (2247)-Schabanel,S (2242)
France 2003}) 12... Nxe2+ 13. Nxe2 O-O 14. Bxg7 Kxg7 15. bxc5 dxc5 16. Qc3+ Kg8
17. Qxc5 Rc8 18. Qxa7 {Rb2 is the strong threat.} Rxc2 19. Nd4 Nc6 {The
position is equal.} 20. Nxc6 Bxc6 21. d4 Qa8 22. Qxa8 Rxa8 23. d5 exd5 24. exd5
Bd7 25. d6 Raxa2 26. Bd5 Rab2 27. Rxb2 Rxb2 $11 {[%mdl 4096] Endgame KRB-KRB}
28. Re1 Bh3 29. Bg2 Bd7 30. Bd5 {Black should prevent Re7.} Bh3 31. Bc6 {
[#] aiming for Rd1.} Rd2 32. Bxb5 Rxd6 33. Bf1 Bc8 $2 {[%mdl 40960] Weighted
Error Value: White=0.04/Black=0.06. An unexpected result.} (33... Be6 $11 {
and Black is okay.}) 1/2-1/2

[Event "RUS-ch Blitz 2021"]
[Site "Sochi"]
[Date "2021.10.11"]
[Round "9.2"]
[White "Iljiushenok, Ilia"]
[Black "Antipov, Mikhail Al."]
[Result "0-1"]
[WhiteElo "2554"]
[BlackElo "2619"]
[Annotator "ChessBase"]
[PlyCount "64"]
[EventDate "2021.10.11"]
[EventType "blitz"]
[EventCountry "RUS"]
[SourceTitle "playchess.com"]
[Source "ChessBase"]
[SourceQuality "1"]
[TimeControl "180+2"]

1. e4 {[%emt 0:00:00]} e5 {[%emt 0:00:00]} 2. Nc3 {[%emt 0:00:10]} Nc6 {
[%emt 0:00:01]} 3. Bc4 {[%emt 0:00:00]} Nf6 {[%emt 0:00:00]} 4. d3 {[%emt 0:00:
00]} Bc5 {[%emt 0:00:00]} 5. f4 {[%emt 0:00:04]} d6 {[%emt 0:00:07]} 6. Nf3 {
[%emt 0:00:00]} a6 {[%emt 0:00:13]} 7. Nd5 {[%emt 0:00:06]} h6 {[%emt 0:00:19]}
8. c3 {[%emt 0:00:16]} Be6 {[%emt 0:00:16]} 9. b4 {[%emt 0:00:19]} Ba7 {
[%emt 0:00:02]} 10. a4 {[%emt 0:00:11]} O-O {[%emt 0:01:03]} 11. Qb3 {[%emt 0:
00:28]} exf4 {[%emt 0:00:55]} 12. Bxf4 {[%emt 0:00:00]} Nb8 {[%emt 0:00:08]}
13. Bg3 {[%emt 0:00:35]} Bxd5 {[%emt 0:00:07]} 14. Bxd5 {[%emt 0:00:03]} c6 {
[%emt 0:00:02]} 15. Bxf7+ {[%emt 0:00:37]} Rxf7 {[%emt 0:00:00]} 16. e5 {
[%emt 0:00:00]} Nd5 {[%emt 0:00:13]} 17. exd6 {[%emt 0:00:00]} Nd7 {[%emt 0:00:
04]} 18. O-O-O {[%emt 0:00:04]} a5 {[%emt 0:00:00]} 19. b5 {[%emt 0:00:05]}
Be3+ {[%emt 0:00:04]} 20. Kb2 {[%emt 0:00:05]} Nc5 {[%emt 0:00:00]} 21. Qc4 {
[%emt 0:00:04]} Nb6 {[%emt 0:00:00]} 22. Qg4 {[%emt 0:00:05]} Nbxa4+ {[%emt 0:
00:05]} 23. Ka3 {[%emt 0:00:00]} cxb5 {[%emt 0:00:04]} 24. Ne5 {[%emt 0:00:00]}
b4+ {[%emt 0:00:04]} 25. Ka2 {[%emt 0:00:00]} Nxc3+ {[%emt 0:00:03]} 26. Ka1 {
[%emt 0:00:00]} a4 {[%emt 0:00:02]} 27. Nxf7 {[%emt 0:00:00]} Qf6 {[%emt 0:00:
02]} 28. Ne5 {[%emt 0:00:04]} Bd4 {[%emt 0:00:00]} 29. Qxd4 {[%emt 0:00:05]}
Nb3+ {[%emt 0:00:00]} 30. Kb2 {[%emt 0:00:00]} Nxd4 {[%emt 0:00:00]} 31. d7 {
[%emt 0:00:00]} a3+ {[%emt 0:00:04]} 32. Kc1 {[%emt 0:00:00]} Qg5+ {[%emt 0:00:
00]} 0-1

[Event "RUS-ch Blitz 2021"]
[Site "Sochi"]
[Date "2021.10.11"]
[Round "9.3"]
[White "Savchenko, Boris"]
[Black "Timofeev, Artyom"]
[Result "0-1"]
[WhiteElo "2535"]
[BlackElo "2586"]
[Annotator "ChessBase"]
[PlyCount "69"]
[EventDate "2021.10.11"]
[EventType "blitz"]
[EventCountry "RUS"]
[SourceTitle "playchess.com"]
[Source "ChessBase"]
[SourceQuality "1"]
[TimeControl "180+2"]

1. e4 {[%emt 0:00:00]} e5 {[%emt 0:00:00]} 2. Nf3 {[%emt 0:00:11]} Nf6 {
[%emt 0:00:02]} 3. Nxe5 {[%emt 0:00:00]} d6 {[%emt 0:00:00]} 4. Nf3 {[%emt 0:
00:00]} Nxe4 {[%emt 0:00:00]} 5. Nc3 {[%emt 0:00:04]} Nxc3 {[%emt 0:00:05]} 6.
dxc3 {[%emt 0:00:00]} Be7 {[%emt 0:00:00]} 7. Bf4 {[%emt 0:00:00]} Nc6 {
[%emt 0:00:12]} 8. Qd2 {[%emt 0:00:00]} Be6 {[%emt 0:00:02]} 9. O-O-O {[%emt 0:
00:08]} Qd7 {[%emt 0:00:00]} 10. h4 {[%emt 0:00:08]} a6 {[%emt 0:00:35]} 11.
Ng5 {[%emt 0:00:14]} Bxg5 {[%emt 0:00:03]} 12. hxg5 {[%emt 0:00:05]} O-O-O {
[%emt 0:00:00]} 13. f3 {[%emt 0:00:20]} Kb8 {[%emt 0:00:18]} 14. b3 {[%emt 0:
00:07]} Rde8 {[%emt 0:00:04]} 15. a4 {[%emt 0:00:12]} Qe7 {[%emt 0:00:25]} 16.
Kb2 {[%emt 0:00:08]} f6 {[%emt 0:00:05]} 17. gxf6 {[%emt 0:00:58]} Qxf6 {
[%emt 0:00:05]} 18. Bg3 {[%emt 0:00:06]} h6 {[%emt 0:00:01]} 19. Rh4 {[%emt 0:
00:13]} g5 {[%emt 0:00:08]} 20. Re4 {[%emt 0:00:02]} Bf5 {[%emt 0:00:06]} 21.
Ree1 {[%emt 0:00:00]} h5 {[%emt 0:00:06]} 22. Bf2 {[%emt 0:00:09]} g4 {[%emt 0:
00:06]} 23. Be2 {[%emt 0:00:09]} Qg6 {[%emt 0:00:21]} 24. Bh4 {[%emt 0:00:10]}
Ne5 {[%emt 0:00:14]} 25. f4 {[%emt 0:00:06]} Nd7 {[%emt 0:00:00]} 26. Bc4 {
[%emt 0:00:04]} Nc5 {[%emt 0:00:06]} 27. a5 {[%emt 0:00:00]} Rxe1 {[%emt 0:00:
12]} 28. Rxe1 {[%emt 0:00:05]} Re8 {[%emt 0:00:00]} 29. Rd1 {[%emt 0:00:08]}
Qg7 {[%emt 0:00:09]} 30. Bf2 {[%emt 0:00:01]} Bc8 {[%emt 0:00:15]} 31. Bd4 {
[%emt 0:00:03]} Qg6 {[%emt 0:00:00]} 32. Qf2 {[%emt 0:00:02]} g3 {[%emt 0:00:
02]} 33. Qf3 {[%emt 0:00:02]} h4 {[%emt 0:00:06]} 34. Rh1 {[%emt 0:00:01]} Bg4
{[%emt 0:00:06]} 35. Qf1 {[%emt 0:00:00]} 0-1

[Event "RUS-ch Blitz 2021"]
[Site "Sochi"]
[Date "2021.10.11"]
[Round "9.4"]
[White "Petrov, Nikita"]
[Black "Rozum, Ivan"]
[Result "1-0"]
[WhiteElo "2539"]
[BlackElo "2529"]
[Annotator "ChessBase"]
[PlyCount "79"]
[EventDate "2021.10.11"]
[EventType "blitz"]
[EventCountry "RUS"]
[SourceTitle "playchess.com"]
[Source "ChessBase"]
[SourceQuality "1"]
[TimeControl "180+2"]

1. d4 {[%emt 0:00:00]} Nf6 {[%emt 0:00:00]} 2. c4 {[%emt 0:00:00]} e6 {[%emt 0:
00:07]} 3. Nf3 {[%emt 0:00:04]} Bb4+ {[%emt 0:00:00]} 4. Nbd2 {[%emt 0:00:00]}
b6 {[%emt 0:00:00]} 5. a3 {[%emt 0:00:00]} Bxd2+ {[%emt 0:00:00]} 6. Bxd2 {
[%emt 0:00:15]} Bb7 {[%emt 0:00:00]} 7. Bg5 {[%emt 0:00:00]} h6 {[%emt 0:00:00]
} 8. Bh4 {[%emt 0:00:00]} d6 {[%emt 0:00:00]} 9. e3 {[%emt 0:00:01]} Nbd7 {
[%emt 0:00:02]} 10. Bd3 {[%emt 0:00:09]} g5 {[%emt 0:00:03]} 11. Bg3 {[%emt 0:
00:00]} Ne4 {[%emt 0:00:06]} 12. Qc2 {[%emt 0:00:15]} Ndf6 {[%emt 0:00:34]} 13.
O-O-O {[%emt 0:00:26]} Qe7 {[%emt 0:00:15]} 14. Kb1 {[%emt 0:00:12]} O-O-O {
[%emt 0:00:05]} 15. Rc1 {[%emt 0:00:28]} Kb8 {[%emt 0:00:04]} 16. Ka1 {[%emt 0:
00:02]} h5 {[%emt 0:00:30]} 17. h4 {[%emt 0:00:04]} g4 {[%emt 0:00:06]} 18. Ng5
{[%emt 0:00:03]} Nxg3 {[%emt 0:00:17]} 19. fxg3 {[%emt 0:00:00]} Rdf8 {[%emt 0:
00:07]} 20. Rhf1 {[%emt 0:00:11]} Nd7 {[%emt 0:00:04]} 21. Ne4 {[%emt 0:00:43]}
e5 {[%emt 0:00:23]} 22. Nc3 {[%emt 0:00:05]} exd4 {[%emt 0:00:07]} 23. exd4 {
[%emt 0:00:03]} Qe3 {[%emt 0:00:02]} 24. Be4 {[%emt 0:00:23]} Qxd4 {[%emt 0:00:
08]} 25. Bxb7 {[%emt 0:00:00]} Kxb7 {[%emt 0:00:00]} 26. Nb5 {[%emt 0:00:04]}
Qe5 {[%emt 0:00:27]} 27. Rf5 {[%emt 0:00:04]} Qxg3 {[%emt 0:00:04]} 28. Qa4 {
[%emt 0:00:10]} a6 {[%emt 0:00:09]} 29. Nd4 {[%emt 0:00:04]} Nc5 {[%emt 0:00:
06]} 30. Qc6+ {[%emt 0:00:00]} Kb8 {[%emt 0:00:00]} 31. Qd5 {[%emt 0:00:07]}
Qd3 {[%emt 0:00:11]} 32. Rc3 {[%emt 0:00:00]} Qd1+ {[%emt 0:00:03]} 33. Ka2 {
[%emt 0:00:04]} Qe1 {[%emt 0:00:03]} 34. Nc6+ {[%emt 0:00:01]} Kc8 {[%emt 0:00:
03]} 35. Nb4 {[%emt 0:00:09]} Qe6 {[%emt 0:00:04]} 36. Qa8+ {[%emt 0:00:00]}
Kd7 {[%emt 0:00:00]} 37. Qc6+ {[%emt 0:00:00]} Kc8 {[%emt 0:00:00]} 38. Qa8+ {
[%emt 0:00:00]} Kd7 {[%emt 0:00:00]} 39. Qc6+ {[%emt 0:00:07]} Kc8 {[%emt 0:00:
00]} 40. Nd5 {[%emt 0:00:02]} 1-0

[Event "RUS-ch Blitz 2021"]
[Site "Sochi"]
[Date "2021.10.11"]
[Round "9.5"]
[White "Sarana, Alexey"]
[Black "Khanin, Semen"]
[Result "1/2-1/2"]
[WhiteElo "2649"]
[BlackElo "2521"]
[Annotator "ChessBase"]
[PlyCount "161"]
[EventDate "2021.10.11"]
[EventType "blitz"]
[EventCountry "RUS"]
[SourceTitle "playchess.com"]
[Source "ChessBase"]
[SourceQuality "1"]
[TimeControl "180+2"]

1. d4 {[%emt 0:00:00]} Nf6 {[%emt 0:00:00]} 2. c4 {[%emt 0:00:00]} e6 {[%emt 0:
00:00]} 3. Nf3 {[%emt 0:00:00]} d5 {[%emt 0:00:19]} 4. Nc3 {[%emt 0:00:04]}
Nbd7 {[%emt 0:00:00]} 5. Bf4 {[%emt 0:00:00]} dxc4 {[%emt 0:00:00]} 6. e3 {
[%emt 0:00:00]} Nb6 {[%emt 0:00:00]} 7. Bxc4 {[%emt 0:00:00]} Bd6 {[%emt 0:00:
00]} 8. Bg3 {[%emt 0:00:18]} Nxc4 {[%emt 0:00:00]} 9. Qa4+ {[%emt 0:00:00]} Bd7
{[%emt 0:00:00]} 10. Qxc4 {[%emt 0:00:00]} Bc6 {[%emt 0:00:01]} 11. Ne5 {
[%emt 0:00:00]} Bxe5 {[%emt 0:00:00]} 12. Bxe5 {[%emt 0:00:06]} Nd7 {[%emt 0:
00:46]} 13. Bf4 {[%emt 0:00:34]} Nb6 {[%emt 0:00:15]} 14. Qc5 {[%emt 0:00:00]}
Nd7 {[%emt 0:00:40]} 15. Qh5 {[%emt 0:00:37]} O-O {[%emt 0:00:17]} 16. O-O {
[%emt 0:00:00]} Nf6 {[%emt 0:00:01]} 17. Qe5 {[%emt 0:00:00]} Rc8 {[%emt 0:00:
11]} 18. e4 {[%emt 0:00:25]} Nd7 {[%emt 0:00:13]} 19. Qa5 {[%emt 0:00:17]} b6 {
[%emt 0:00:00]} 20. Qb4 {[%emt 0:00:07]} a5 {[%emt 0:00:05]} 21. Qc4 {[%emt 0:
00:00]} Bb7 {[%emt 0:00:04]} 22. Rfd1 {[%emt 0:00:01]} Qe7 {[%emt 0:00:06]} 23.
Rac1 {[%emt 0:00:18]} e5 {[%emt 0:00:00]} 24. dxe5 {[%emt 0:00:13]} Nxe5 {
[%emt 0:00:08]} 25. Nd5 {[%emt 0:00:08]} Bxd5 {[%emt 0:00:18]} 26. Qxd5 {
[%emt 0:00:00]} Ng6 {[%emt 0:00:00]} 27. Bg3 {[%emt 0:00:03]} Rfe8 {[%emt 0:00:
00]} 28. f3 {[%emt 0:00:05]} h6 {[%emt 0:00:17]} 29. a3 {[%emt 0:00:00]} Qf6 {
[%emt 0:00:06]} 30. Qd4 {[%emt 0:00:24]} Qe7 {[%emt 0:00:00]} 31. Qc3 {[%emt 0:
00:08]} h5 {[%emt 0:00:15]} 32. Bxc7 {[%emt 0:00:00]} h4 {[%emt 0:00:00]} 33.
Qc6 {[%emt 0:00:12]} Qg5 {[%emt 0:00:03]} 34. Qd5 {[%emt 0:00:00]} Qf6 {
[%emt 0:00:00]} 35. Qd4 {[%emt 0:00:00]} Qg5 {[%emt 0:00:05]} 36. Qd2 {[%emt 0:
00:03]} Qf6 {[%emt 0:00:00]} 37. h3 {[%emt 0:00:00]} Qe6 {[%emt 0:00:04]} 38.
Bh2 {[%emt 0:00:09]} Rxc1 {[%emt 0:00:00]} 39. Rxc1 {[%emt 0:00:02]} Qf6 {
[%emt 0:00:00]} 40. Kh1 {[%emt 0:00:00]} Kh7 {[%emt 0:00:00]} 41. Bg1 {[%emt 0:
00:06]} Rd8 {[%emt 0:00:03]} 42. Qe1 {[%emt 0:00:00]} Nf4 {[%emt 0:00:06]} 43.
e5 {[%emt 0:00:00]} Qg5 {[%emt 0:00:00]} 44. Rc2 {[%emt 0:00:02]} Nd3 {[%emt 0:
00:05]} 45. Qe4+ {[%emt 0:00:01]} g6 {[%emt 0:00:00]} 46. Be3 {[%emt 0:00:00]}
Qg3 {[%emt 0:00:00]} 47. Qg4 {[%emt 0:00:10]} Nxe5 {[%emt 0:00:03]} 48. Qxg3 {
[%emt 0:00:03]} hxg3 {[%emt 0:00:00]} 49. Rc1 {[%emt 0:00:00]} b5 {[%emt 0:00:
04]} 50. Kg1 {[%emt 0:00:02]} Nc4 {[%emt 0:00:00]} 51. Bf4 {[%emt 0:00:01]}
Nxb2 {[%emt 0:00:03]} 52. Bxg3 {[%emt 0:00:00]} b4 {[%emt 0:00:01]} 53. axb4 {
[%emt 0:00:01]} axb4 {[%emt 0:00:01]} 54. Rc7 {[%emt 0:00:02]} Rd1+ {[%emt 0:
00:03]} 55. Kh2 {[%emt 0:00:08]} b3 {[%emt 0:00:07]} 56. Rxf7+ {[%emt 0:00:00]}
Kg8 {[%emt 0:00:00]} 57. Rb7 {[%emt 0:00:00]} Rd3 {[%emt 0:00:01]} 58. Be5 {
[%emt 0:00:02]} Nc4 {[%emt 0:00:00]} 59. Bf6 {[%emt 0:00:04]} Rd6 {[%emt 0:00:
00]} 60. Bc3 {[%emt 0:00:00]} Rb6 {[%emt 0:00:04]} 61. Rg7+ {[%emt 0:00:03]}
Kf8 {[%emt 0:00:00]} 62. Rc7 {[%emt 0:00:03]} b2 {[%emt 0:00:03]} 63. Rc8+ {
[%emt 0:00:03]} Kf7 {[%emt 0:00:00]} 64. Rc7+ {[%emt 0:00:00]} Ke6 {[%emt 0:00:
00]} 65. Bxb2 {[%emt 0:00:01]} Nxb2 {[%emt 0:00:02]} 66. h4 {[%emt 0:00:00]}
Nd3 {[%emt 0:00:02]} 67. Kg3 {[%emt 0:00:01]} Kf6 {[%emt 0:00:02]} 68. Rc3 {
[%emt 0:00:00]} Ne5 {[%emt 0:00:02]} 69. Rc5 {[%emt 0:00:02]} Nf7 {[%emt 0:00:
03]} 70. Ra5 {[%emt 0:00:00]} Nd6 {[%emt 0:00:00]} 71. Kh3 {[%emt 0:00:05]} Nf5
{[%emt 0:00:00]} 72. Ra4 {[%emt 0:00:02]} Rb1 {[%emt 0:00:03]} 73. Kh2 {
[%emt 0:00:01]} Rd1 {[%emt 0:00:02]} 74. Ra6+ {[%emt 0:00:01]} Kg7 {[%emt 0:00:
01]} 75. Ra7+ {[%emt 0:00:04]} Kh6 {[%emt 0:00:00]} 76. Ra4 {[%emt 0:00:05]}
Rd4 {[%emt 0:00:05]} 77. Rxd4 {[%emt 0:00:02]} Nxd4 {[%emt 0:00:01]} 78. Kh3 {
[%emt 0:00:01]} Kg7 {[%emt 0:00:04]} 79. Kg4 {[%emt 0:00:03]} Nf5 {[%emt 0:00:
04]} 80. h5 {[%emt 0:00:01]} Ne3+ {[%emt 0:00:08]} 81. Kg5 {[%emt 0:00:02]}
1/2-1/2

[Event "RUS-ch Blitz 2021"]
[Site "Sochi"]
[Date "2021.10.11"]
[Round "9.6"]
[White "Kukhmazov, Arsen"]
[Black "Sjugirov, Sanan"]
[Result "1-0"]
[WhiteElo "2472"]
[BlackElo "2663"]
[Annotator "ChessBase"]
[PlyCount "253"]
[EventDate "2021.10.11"]
[EventType "blitz"]
[EventCountry "RUS"]
[SourceTitle "playchess.com"]
[Source "ChessBase"]
[SourceQuality "1"]
[TimeControl "180+2"]

1. d4 {[%emt 0:00:04]} Nf6 {[%emt 0:00:00]} 2. c4 {[%emt 0:00:00]} e6 {[%emt 0:
00:11]} 3. Nf3 {[%emt 0:00:00]} b6 {[%emt 0:00:07]} 4. g3 {[%emt 0:00:00]} Ba6
{[%emt 0:00:00]} 5. Qc2 {[%emt 0:00:16]} Bb4+ {[%emt 0:00:00]} 6. Bd2 {[%emt 0:
00:00]} Bxd2+ {[%emt 0:00:02]} 7. Nbxd2 {[%emt 0:00:00]} c5 {[%emt 0:00:06]} 8.
Bg2 {[%emt 0:00:06]} Bb7 {[%emt 0:00:02]} 9. O-O {[%emt 0:00:11]} cxd4 {
[%emt 0:00:13]} 10. Nxd4 {[%emt 0:00:03]} Bxg2 {[%emt 0:00:02]} 11. Kxg2 {
[%emt 0:00:00]} O-O {[%emt 0:00:08]} 12. Rfd1 {[%emt 0:00:03]} Qc8 {[%emt 0:00:
18]} 13. Rac1 {[%emt 0:00:05]} a6 {[%emt 0:00:00]} 14. N2f3 {[%emt 0:01:02]}
Nc6 {[%emt 0:00:13]} 15. c5 {[%emt 0:00:20]} Nxd4 {[%emt 0:00:33]} 16. Rxd4 {
[%emt 0:00:00]} Qc7 {[%emt 0:00:16]} 17. cxb6 {[%emt 0:00:10]} Qxb6 {[%emt 0:
00:03]} 18. b3 {[%emt 0:00:02]} a5 {[%emt 0:00:35]} 19. Qc5 {[%emt 0:00:08]}
Qa6 {[%emt 0:00:00]} 20. Qc4 {[%emt 0:00:07]} Qb7 {[%emt 0:00:05]} 21. Qc7 {
[%emt 0:00:03]} Qa6 {[%emt 0:00:08]} 22. Qc4 {[%emt 0:00:17]} Qb7 {[%emt 0:00:
19]} 23. Qc7 {[%emt 0:00:03]} Qb5 {[%emt 0:00:00]} 24. Rdc4 {[%emt 0:00:31]} a4
{[%emt 0:00:09]} 25. bxa4 {[%emt 0:00:08]} Rxa4 {[%emt 0:00:03]} 26. Rxa4 {
[%emt 0:00:05]} Qxa4 {[%emt 0:00:00]} 27. Qc4 {[%emt 0:00:00]} Qa5 {[%emt 0:00:
05]} 28. a4 {[%emt 0:00:02]} h6 {[%emt 0:00:06]} 29. Qb5 {[%emt 0:00:00]} Qa7 {
[%emt 0:00:03]} 30. a5 {[%emt 0:00:04]} Rb8 {[%emt 0:00:04]} 31. Qc5 {[%emt 0:
00:01]} Qa6 {[%emt 0:00:02]} 32. Nd4 {[%emt 0:00:08]} Ra8 {[%emt 0:00:00]} 33.
Ra1 {[%emt 0:00:05]} Qb7+ {[%emt 0:00:00]} 34. f3 {[%emt 0:00:02]} Qb2 {
[%emt 0:00:05]} 35. Ra4 {[%emt 0:00:01]} Nd5 {[%emt 0:00:09]} 36. Qb5 {[%emt 0:
00:00]} Qc1 {[%emt 0:00:05]} 37. Qd3 {[%emt 0:00:01]} Qc5 {[%emt 0:00:02]} 38.
Nb3 {[%emt 0:00:03]} Qa7 {[%emt 0:00:01]} 39. e4 {[%emt 0:00:04]} Ne3+ {
[%emt 0:00:01]} 40. Kh3 {[%emt 0:00:02]} d5 {[%emt 0:00:00]} 41. Qd4 {[%emt 0:
00:02]} Nc4 {[%emt 0:00:05]} 42. Qxa7 {[%emt 0:00:02]} Rxa7 {[%emt 0:00:00]}
43. exd5 {[%emt 0:00:00]} exd5 {[%emt 0:00:00]} 44. a6 {[%emt 0:00:02]} Kf8 {
[%emt 0:00:05]} 45. Nd4 {[%emt 0:00:00]} Ke8 {[%emt 0:00:00]} 46. Nb5 {[%emt 0:
00:03]} Nb6 {[%emt 0:00:03]} 47. Ra2 {[%emt 0:00:07]} Re7 {[%emt 0:00:05]} 48.
a7 {[%emt 0:00:00]} Na8 {[%emt 0:00:00]} 49. Rc2 {[%emt 0:00:03]} Kd8 {[%emt 0:
00:02]} 50. Rc5 {[%emt 0:00:02]} Rd7 {[%emt 0:00:00]} 51. Kg4 {[%emt 0:00:01]}
d4 {[%emt 0:00:00]} 52. Rc2 {[%emt 0:00:00]} Rb7 {[%emt 0:00:03]} 53. Nxd4 {
[%emt 0:00:02]} Rb4 {[%emt 0:00:01]} 54. Rd2 {[%emt 0:00:02]} Ra4 {[%emt 0:00:
02]} 55. f4 {[%emt 0:00:01]} Kc7 {[%emt 0:00:04]} 56. Nf5 {[%emt 0:00:01]} h5+
{[%emt 0:00:00]} 57. Kh3 {[%emt 0:00:04]} g6 {[%emt 0:00:03]} 58. Nh6 {[%emt 0:
00:00]} f6 {[%emt 0:00:01]} 59. Ng8 {[%emt 0:00:01]} Ra6 {[%emt 0:00:03]} 60.
Re2 {[%emt 0:00:04]} g5 {[%emt 0:00:05]} 61. fxg5 {[%emt 0:00:00]} fxg5 {
[%emt 0:00:00]} 62. Re5 {[%emt 0:00:01]} Rg6 {[%emt 0:00:04]} 63. Ne7 {[%emt 0:
00:03]} Rg7 {[%emt 0:00:02]} 64. Nf5 {[%emt 0:00:03]} Rg6 {[%emt 0:00:02]} 65.
Re7+ {[%emt 0:00:02]} Kb6 {[%emt 0:00:00]} 66. Rg7 {[%emt 0:00:03]} Rf6 {
[%emt 0:00:04]} 67. Rxg5 {[%emt 0:00:03]} Kxa7 {[%emt 0:00:02]} 68. Rxh5 {
[%emt 0:00:00]} Nc7 {[%emt 0:00:01]} 69. g4 {[%emt 0:00:01]} Ne6 {[%emt 0:00:
02]} 70. Rh7+ {[%emt 0:00:02]} Kb8 {[%emt 0:00:01]} 71. Re7 {[%emt 0:00:02]}
Nf4+ {[%emt 0:00:01]} 72. Kg3 {[%emt 0:00:00]} Ng6 {[%emt 0:00:04]} 73. Rg7 {
[%emt 0:00:01]} Ra6 {[%emt 0:00:02]} 74. Ne3 {[%emt 0:00:05]} Re6 {[%emt 0:00:
02]} 75. Nd5 {[%emt 0:00:04]} Ra6 {[%emt 0:00:01]} 76. Ne3 {[%emt 0:00:04]} Re6
{[%emt 0:00:01]} 77. Kf2 {[%emt 0:00:02]} Rf6+ {[%emt 0:00:01]} 78. Kg2 {
[%emt 0:00:02]} Re6 {[%emt 0:00:01]} 79. Nd5 {[%emt 0:00:02]} Ra6 {[%emt 0:00:
03]} 80. Kf3 {[%emt 0:00:03]} Rd6 {[%emt 0:00:05]} 81. Ke4 {[%emt 0:00:01]} Ra6
{[%emt 0:00:01]} 82. Kf5 {[%emt 0:00:02]} Nh4+ {[%emt 0:00:01]} 83. Kg5 {
[%emt 0:00:02]} Nf3+ {[%emt 0:00:02]} 84. Kf4 {[%emt 0:00:01]} Nxh2 {[%emt 0:
00:01]} 85. g5 {[%emt 0:00:01]} Ra4+ {[%emt 0:00:01]} 86. Kf5 {[%emt 0:00:01]}
Nf3 {[%emt 0:00:01]} 87. g6 {[%emt 0:00:04]} Nh4+ {[%emt 0:00:02]} 88. Kg5 {
[%emt 0:00:01]} Nxg6 {[%emt 0:00:02]} 89. Kxg6 {[%emt 0:00:03]} Ra7 {[%emt 0:
00:02]} 90. Rg8+ {[%emt 0:00:02]} Kb7 {[%emt 0:00:01]} 91. Kf5 {[%emt 0:00:01]}
Ra5 {[%emt 0:00:08]} 92. Ke6 {[%emt 0:00:02]} Ra1 {[%emt 0:00:02]} 93. Kd6 {
[%emt 0:00:01]} Ra6+ {[%emt 0:00:01]} 94. Kd7 {[%emt 0:00:01]} Ra1 {[%emt 0:00:
03]} 95. Rg2 {[%emt 0:00:01]} Rd1 {[%emt 0:00:02]} 96. Rb2+ {[%emt 0:00:02]}
Ka6 {[%emt 0:00:02]} 97. Kd6 {[%emt 0:00:02]} Ka5 {[%emt 0:00:01]} 98. Rb8 {
[%emt 0:00:03]} Ka4 {[%emt 0:00:03]} 99. Kc5 {[%emt 0:00:02]} Ka3 {[%emt 0:00:
02]} 100. Kc4 {[%emt 0:00:01]} Rh1 {[%emt 0:00:01]} 101. Kd4 {[%emt 0:00:08]}
Rh4+ {[%emt 0:00:04]} 102. Kc5 {[%emt 0:00:00]} Rh5 {[%emt 0:00:01]} 103. Rb1 {
[%emt 0:00:04]} Ka2 {[%emt 0:00:03]} 104. Rb8 {[%emt 0:00:01]} Ka3 {[%emt 0:00:
00]} 105. Rb7 {[%emt 0:00:01]} Ka2 {[%emt 0:00:01]} 106. Kc4 {[%emt 0:00:02]}
Rh4+ {[%emt 0:00:00]} 107. Kd3 {[%emt 0:00:01]} Rh3+ {[%emt 0:00:02]} 108. Ne3
{[%emt 0:00:01]} Ka3 {[%emt 0:00:02]} 109. Kd4 {[%emt 0:00:00]} Ka2 {[%emt 0:
00:04]} 110. Nc4 {[%emt 0:00:07]} Rg3 {[%emt 0:00:04]} 111. Rb2+ {[%emt 0:00:
02]} Ka1 {[%emt 0:00:02]} 112. Rh2 {[%emt 0:00:01]} Kb1 {[%emt 0:00:03]} 113.
Kc5 {[%emt 0:00:02]} Rg8 {[%emt 0:00:03]} 114. Kb4 {[%emt 0:00:01]} Rg3 {
[%emt 0:00:00]} 115. Nd2+ {[%emt 0:00:03]} Kc1 {[%emt 0:00:02]} 116. Nb3+ {
[%emt 0:00:02]} Kd1 {[%emt 0:00:01]} 117. Nd4 {[%emt 0:00:00]} Ke1 {[%emt 0:00:
04]} 118. Kc4 {[%emt 0:00:02]} Kf1 {[%emt 0:00:02]} 119. Nf5 {[%emt 0:00:01]}
Ra3 {[%emt 0:00:03]} 120. Kd4 {[%emt 0:00:01]} Kg1 {[%emt 0:00:02]} 121. Rb2 {
[%emt 0:00:02]} Kf1 {[%emt 0:00:03]} 122. Ne3+ {[%emt 0:00:01]} Kg1 {[%emt 0:
00:00]} 123. Ke4 {[%emt 0:00:02]} Ra8 {[%emt 0:00:00]} 124. Ng4 {[%emt 0:00:02]
} Re8+ {[%emt 0:00:02]} 125. Kf3 {[%emt 0:00:02]} Kf1 {[%emt 0:00:03]} 126.
Rb1+ {[%emt 0:00:02]} Re1 {[%emt 0:00:01]} 127. Nh2+ {[%emt 0:00:00]} 1-0